000 00644nam a22001577a 4500
003 OSt
005 20151028154052.0
008 151028b xxu||||| |||| 00| 0 eng d
040 _cRUA
082 _aATM.Sp KON 2003 B064 Or.1
100 _93045
_aKONG, SOKCHHOIN.
245 _aPesticide use on vegetable crop in kampong siem district kampong cham province, ការប្រើប្រាស់ថ្នាំកសិកម្មលើដំនាំបន្ថែនៅស្រុកកំពង់សៀម ខេត្តកំពង់ចាម
260 _aPhnom Penh
_bRUA
_c2003
300 _a59p.
_bill.
_c29cm.
942 _2ddc
_cATMSP
999 _c2838
_d2838